| 000 | 00625cam a22002291 4500 | ||
|---|---|---|---|
| 001 | ne 67001782 | ||
| 003 | DLC | ||
| 005 | 20260227111835.0 | ||
| 008 | 810326s1965 le a 000 0 eng | ||
| 010 | _ane 67001782 | ||
| 025 | _aPL480:UAR-6697 | ||
| 035 | _a(OCoLC)7264300 | ||
| 040 |
_aDLC _cMChB _dDLC |
||
| 042 | _apremarc | ||
| 050 | 0 | 0 |
_aGR295.I7 _bJ3 |
| 100 | 1 | _aJamali, Sarah Powell. | |
| 245 | 1 | 0 |
_aFolktales from the city of the golden domes. _cIllustrated by Jeanne Shelsher. |
| 250 | _a[1st. ed.] | ||
| 260 |
_aBeirut, _bKhayats, _c1965. |
||
| 300 |
_axi, 110 p. _billus. _c22 cm. |
||
| 650 | 0 |
_aTales _zIraq. |
|
| 999 |
_c49833 _d49833 |
||